[Event "Quebec-ch Intercoll"]
[Site "Joliette"]
[Date "1993.04.10"]
[Round "3"]
[White "Filiatreault, Marc"]
[Black "Tran, Luc"]
[Result "0-1"]
[WhiteElo "1577"]
[BlackElo "1994"]
[PlyCount "80"]
[EventDate "1993.04.09"]
[EventType "swiss"]
[EventRounds "6"]
[EventCountry "CAN"]
[SourceTitle "EXT 2022"]
[Source "ChessBase"]
[SourceDate "2021.10.06"]
[SourceVersion "1"]
[SourceVersionDate "2021.10.06"]
[SourceQuality "1"]

1. c4 Nf6 2. Nc3 Nc6 3. g3 d5 4. cxd5 Nxd5 5. Bg2 Nf6 6. Nf3 e6 7. 0-0 Be7 8. d3 0-0 9. Bg5 a6 10. Rc1 Rb8 11. e3 h6 12. Bxf6 Bxf6 13. a3 e5 14. b4 Bf5 15. Ne4 Be7 16. Rxc6 bxc6 17. Nxe5 Qe8 18. Qc2 c5 19. Nxc5 Bxc5 20. Qxc5 Rb5 21. Qxc7 Qxe5 22. Qxe5 Rxe5 23. d4 Re7 24. Rc1 Rc8 25. Rc5 Rxc5 26. bxc5 Kf8 27. Kf1 Be4 28. c6 Bxg2+ 29. Kxg2 Ke8 30. Kf3 f5 31. g4 Re6 32. c7 fxg4+ 33. Kxg4 Rc6 34. Kf5 Rxc7 35. Kg6 Kf8 36. d5 Rf7 37. e4 Rf6+ 38. Kh5 Rxf2 39. d6 Rf6 40. d7 Rd6 0-1

[Event "Quebec-ch Intercoll"]
[Site "Joliette"]
[Date "1993.04.09"]
[Round "2"]
[White "Tran, Luc"]
[Black "Adam, Dany"]
[Result "1-0"]
[WhiteElo "1994"]
[BlackElo "1351"]
[PlyCount "59"]
[EventDate "1993.04.09"]
[EventType "swiss"]
[EventRounds "6"]
[EventCountry "CAN"]
[SourceTitle "EXT 2022"]
[Source "ChessBase"]
[SourceDate "2021.10.06"]
[SourceVersion "1"]
[SourceVersionDate "2021.10.06"]
[SourceQuality "1"]

1. d4 c5 2. d5 d6 3. c4 Nf6 4. Nc3 g6 5. Nf3 Bg7 6. e4 0-0 7. Be2 Nbd7 8. 0-0 Ng4 9. Ng5 Ndf6 10. h3 Ne5 11. f4 Ned7 12. Be3 b6 13. Rc1 Qe8 14. Re1 a6 15. Bf2 e6 16. dxe6 fxe6 17. Qxd6 e5 18. f5 h6 19. Ne6 gxf5 20. exf5 Nh5 21. Nxf8 Bxf8 22. Qd5+ Kh8 23. Qxa8 Qf7 24. Qxc8 Nf4 25. Bf3 Nd3 26. Bd5 Qxf5 27. Be6 Qxf2+ 28. Kh1 Qg3 29. Qxd7 Nxe1 30. Bd5 1-0

[Event "Quebec-ch U20"]
[Site "Montreal"]
[Date "1991.03.03"]
[Round "6"]
[White "Tran, Luc"]
[Black "Guy, Gregoire"]
[Result "1-0"]
[WhiteElo "1897"]
[BlackElo "1765"]
[PlyCount "103"]
[EventDate "1991.02.28"]
[EventType "tourn"]
[EventRounds "7"]
[EventCountry "CAN"]
[SourceTitle "EXT 2022"]
[Source "ChessBase"]
[SourceDate "2021.10.06"]
[SourceVersion "1"]
[SourceVersionDate "2021.10.06"]
[SourceQuality "1"]

1. d4 Nf6 2. c4 c5 3. d5 b5 4. Nf3 g6 5. a4 b4 6. Bg5 Bg7 7. Nbd2 d6 8. e4 Nbd7 9. Be2 0-0 10. 0-0 Qc7 11. Qc2 e6 12. Rfe1 h6 13. dxe6 fxe6 14. e5 Nxe5 15. Nxe5 dxe5 16. Be3 g5 17. Nb3 Nd7 18. Qg6 Rf6 19. Qe8+ Rf8 20. Qxe6+ Kh8 21. Red1 Rf6 22. Qe8+ Rf8 23. Qe7 Bf6 24. Qd6 Qxd6 25. Rxd6 Be7 26. Rxh6+ Kg7 27. Rc6 Re8 28. Nxc5 Nb8 29. Rc7 Kg8 30. Bf3 Bd6 31. Bd5+ Kh8 32. Rf7 Bxc5 33. Bxc5 Be6 34. Bxe6 Rxe6 35. Rf8+ Kg7 36. Bxb4 Rb6 37. Ba3 Rxb2 38. Bd6 Rb6 39. Rxb8 Raxb8 40. Bxe5+ Kf7 41. Bxb8 Rxb8 42. g3 Rb4 43. c5 Rc4 44. Rb1 a5 45. c6 Ke7 46. Rb5 Rxa4 47. Rxg5 Ra1+ 48. Kg2 a4 49. Ra5 a3 50. h4 a2 51. h5 Rc1 52. Rxa2 1-0